Leading in high growth Asia managing relationship for teamwork and change /

Bibliographic Details
Corporate Author: ProQuest (Firm)
Other Authors: Tjosvold, Dean., Leung, Kwok, 1958-
Format: Electronic eBook
Language:English
Published: [River Edge] New Jersey : World Scientific, c2004.
Subjects:
Online Access:Click to View
LEADER 01577nam a2200397Ia 4500
001 EBC3050866
003 MiAaPQ
005 20200520144314.0
006 m o d |
007 cr cn|||||||||
008 040930s2004 njua sb 001 0 eng d
010 |z  2004043136 
020 |z 9812388699 (alk. paper) 
035 |a (MiAaPQ)EBC3050866 
035 |a (Au-PeEL)EBL3050866 
035 |a (CaPaEBR)ebr10078527 
035 |a (CaONFJC)MIL187217 
035 |a (OCoLC)58810885 
040 |a MiAaPQ  |c MiAaPQ  |d MiAaPQ 
050 4 |a HD57.7  |b .L43755 2004 
082 0 4 |a 658.4/092/095  |2 22 
245 0 0 |a Leading in high growth Asia  |h [electronic resource] :  |b managing relationship for teamwork and change /  |c editors Dean Tjosvold, Kwok Leung. 
260 |a [River Edge] New Jersey :  |b World Scientific,  |c c2004. 
300 |a vii, 255 p. :  |b ill. 
504 |a Includes bibliographical references and index. 
533 |a Electronic reproduction. Ann Arbor, MI : ProQuest, 2015. Available via World Wide Web. Access may be limited to ProQuest affiliated libraries. 
650 0 |a Leadership  |z Asia  |v Cross-cultural studies. 
650 0 |a Intercultural communication  |z Asia. 
650 0 |a Teams in the workplace  |z Asia  |x Management. 
650 0 |a Organizational change  |z Asia  |x Management. 
650 0 |a Industrial management  |z Asia  |v Cross-cultural studies. 
655 4 |a Electronic books. 
700 1 |a Tjosvold, Dean. 
700 1 |a Leung, Kwok,  |d 1958- 
710 2 |a ProQuest (Firm) 
856 4 0 |u https://ebookcentral.proquest.com/lib/matrademy/detail.action?docID=3050866  |z Click to View